[Event "Herzliya"]
[Site "Herzliya"]
[Date "2000.09.08"]
[Round "3"]
[White "Boim, Inon"]
[Black "Zifroni, Dov"]
[Result "1/2-1/2"]
[WhiteElo "2422"]
[BlackElo "2527"]
[Annotator "Kaspi,A"]
[PlyCount "110"]
[EventDate "2000.09.06"]
[EventType "tourn"]
[EventRounds "9"]
[EventCountry "ISR"]
[EventCategory "9"]
[SourceTitle "CBM 079"]
[Source "ChessBase"]
[SourceDate "2000.11.21"]
[SourceVersion "1"]
[SourceVersionDate "2000.11.21"]
[SourceQuality "1"]

1. d4 {Tyomkin,D} d5 2. Nf3 Nf6 3. Bg5 Ne4 4. Bh4 c5 5. c3 Qb6 6. Qb3 Qxb3 (
6... c4 7. Qxb6 axb6 8. Nbd2 Bf5 9. Nxe4 Bxe4 10. Nd2 $14 {[%cal Ge2e4] 1-0
Khmelnitsky,I-Waitzkin,J/Modesto 1995/CBM 51 (38)}) 7. axb3 cxd4 8. cxd4 {
White can not expact for more than equality after this poor move. 8.Nxd4 could
lead to the sharp position.} (8. Nxd4 $142 $5 {[%cal Gd4b5,Gf2f3]}) 8... Nc6 9.
e3 e6 (9... e5 $5 10. Nxe5 Bb4+ 11. Kd1 (11. Ke2 Nxe5 12. dxe5 Bf5 {[%csl Rb3]
[%cal Ge4c5] Black will easily take back a pawn, and will get convenient play.}
) 11... Nxe5 12. dxe5 O-O 13. f3 Nc5 14. Nc3 Nxb3 15. Ra4 Bxc3 16. bxc3 Re8 $13
{This is difficult to give an evaluation here, but black looks safe.}) 10. Bb5
f6 (10... Bb4+ 11. Ke2 Bd7 $11) 11. O-O Bd7 12. Rc1 Bb4 13. Bg3 Ke7 14. Nc3
Rhc8 15. Bd3 Nxg3 16. hxg3 Kf7 {Blacks is obviously better: he has pair of
bishops and better pawn structure, but on the other, the position is closed
and simmetrical, and it gives white good chances for the draw.} 17. Rc2 Na5 18.
Nd2 h6 19. Rac1 Rc7 20. Ncb1 Nc6 (20... Rxc2 21. Rxc2 Nc6 $15) 21. Nc3 Be7 22.
Na4 Rac8 23. Nb1 {[%cal Gb1a3,Ga3b5] White intends to transfer the knight to
a3, then threatenning Na3-b5. After a7-a6 of black, there is a gap on b6 for
another white knight.} e5 {Black decides to meet whites plan by counterplay in
the center.} (23... Bd6 24. Na3 Nb4 25. Rxc7 Rxc7 26. Rxc7 Bxc7 27. Bb5 Bc8 $17
{[%csl Gc7,Gc8] Pair of bishops in this ending gives black chances for a win.
The plan is to lead e6-e5 and, then, to activate bishops.}) 24. Na3 {[%cal
Ra3b5]} Rd8 25. Nb5 Rcc8 26. dxe5 {White is very close to save in the
following variation, but black has a way to hold on the pressure.} (26. Nc5 Nb4
27. Nxd7 Nxc2 28. Bxc2 a6 $1 (28... Rxd7 29. Bg6+ $1 Kxg6 30. Rxc8) 29. Nc3
Rxd7 30. Bf5 Rcc7 31. Bxd7 Rxd7 32. Na4 exd4 33. exd4 f5 $1 {[%csl Rd4][%cal
Ge7f6]}) 26... fxe5 27. e4 d4 28. Bc4+ Kf8 29. Bd5 a6 30. Na3 Nb4 (30... d3
$142 31. Rd2 Nb4 32. Nc3 b5 $17) 31. Rxc8 Bxc8 32. Nb6 Nxd5 33. Nxd5 (33. Nxc8
$2 Nc3 $1 {[%csl Ra3,Rc8][%cal Gc3e2]} (33... Bxa3 $19)) 33... Be6 34. Nxe7
Kxe7 35. Rc7+ Kf6 (35... Rd7 36. Rxd7+ Kxd7 37. b4 g5 38. Kf1 Kd6 39. Ke2 {
[%cal Ge2d3,Yf2f4] and this is probably draw.}) 36. Nc4 $1 Bxc4 37. Rxc4 $11 {
Black has passed pawn d, but this is not enough for a win. White controls the
important open file "c", and easily gets a draw.} Rd6 {[%csl Rb3][%cal Gd6b6]}
(37... d3 38. Rc1 Rd4 39. Rd1 Rxe4 40. Rxd3 Re1+ 41. Kh2 Re2 42. Rd6+ Ke7 43.
Rb6 Rxf2 44. Rxb7+ Kf6 45. Rb6+ Kf5 46. Rxa6 Rxb2 47. Ra7 $11) 38. Kf1 Rb6 39.
b4 a5 40. Ke2 {White is accurate in defense of this ending.} (40. bxa5 $6 Rxb2
$17 {[%cal Gd4d3,Gb2a2]}) 40... axb4 (40... Rxb4 41. Rxb4 axb4 42. Kd3 b5 43.
b3 h5 44. f4 $11) 41. f4 g5 42. fxe5+ Kxe5 43. Kd3 {Finally white is not worse
anymore in this game!} Rf6 44. Rxb4 Rf2 45. Rb5+ Kd6 46. Kxd4 Kc6 47. Rb3 Rxg2
48. Ke5 h5 49. Kf5 h4 50. Rc3+ Kd7 51. Rd3+ Ke8 52. g4 Rxb2 53. Kxg5 Re2 54.
Rb3 Rxe4 55. Rxb7 Kf8 1/2-1/2

[Event "Bundesliga 9900"]
[Site "Germany"]
[Date "2000.03.13"]
[Round "13.3"]
[White "Maiwald, Jens Uwe"]
[Black "Nunn, John DM"]
[Result "1/2-1/2"]
[WhiteElo "2524"]
[BlackElo "2601"]
[Annotator "Kaspi,A"]
[PlyCount "61"]
[EventDate "1999.10.09"]
[EventType "team-tourn"]
[EventRounds "15"]
[EventCountry "GER"]
[SourceTitle "CBM 076"]
[Source "ChessBase"]
[SourceDate "2000.05.31"]
[SourceVersion "1"]
[SourceVersionDate "2000.05.31"]
[SourceQuality "1"]
[WhiteTeam "Dresden"]
[BlackTeam "Luebeck"]
[WhiteTeamCountry "GER"]
[BlackTeamCountry "GER"]

1. Nf3 Nf6 2. d4 g6 3. Bg5 Bg7 4. c3 O-O 5. Nbd2 d5 6. e3 Nbd7 7. h3 b6 8. Be2
(8. Bf4 Bb7 9. Be2 Ne4 10. O-O c5 11. Bh2 Re8 12. Nxe4 dxe4 13. Nd2 e5 14. Nc4
Qe7 15. d5 Rad8 16. Na3 Nf6 17. c4 h5 18. Nb5 a6 19. Nc3 Bc8 20. a3 Bf5 21. Rb1
a5 22. b4 $16 {1-0 Svidler,P-Sjodahl,P/Oakham 1992/CBM 30 (41)}) 8... Bb7 9.
Qb3 Ne4 10. Nxe4 dxe4 11. Nd2 h6 12. Bh4 Kh8 {intending f7-f5} 13. f4 {White
could castle to the kingside, but leaves the option, and finds it reasonable
few moves later, to castle to the queenside.} (13. O-O f5 14. f3 g5 15. Bf2 $14
) 13... exf3 14. Bxf3 Bxf3 15. Nxf3 Qe8 {[%cal Ge7e5]} (15... c5 16. O-O-O cxd4
17. exd4 Qe8 18. Rhe1 $14) 16. O-O-O e5 17. dxe5 $6 {Erasing the pawn
structure.} (17. Kb1 $142 exd4 18. exd4 Qe4+ 19. Ka1 Nf6 20. Rde1 $14 Qd5 $140
$4 21. Bxf6 Qxb3 22. Bxg7+ $18) 17... Nxe5 18. e4 {Now white is getting worse
position.} (18. Rhe1 c6 $13) 18... Nxf3 19. gxf3 Qe5 20. Kb1 Qf4 21. Be7 Rfe8
22. Qd5 Rac8 ({Positional blunder was:} 22... Qxf3 $2 23. Rhf1 Qxh3 24. Rxf7
$16 {and black king is vulnerable.}) 23. Qd7 Qxf3 24. Rde1 Kg8 (24... Qg3 $142
25. Rhf1 (25. e5 Qf4 26. Rhf1 Qc4 27. e6 fxe6 28. Rf6 Qd5 $15) 25... f6 26. Rg1
Qe5 27. Ba3 g5 $15) 25. Rhf1 Qg3 26. e5 {[%cal Ge5e6]} Bxe5 27. Bf6 Bxf6 28.
Rxe8+ Rxe8 29. Qxe8+ Kg7 30. Qd7 h5 31. a3 $15 {Black can be better because of
material correlation, but there is no clear plan for black to improve position.
But, of course, black could try.} (31. a3 Qd6 $1 32. Qb5 {with queens on the
board, black can not move its kingside pawns such free.} Be5 $15 {[%cal Gf7f5]}
) 1/2-1/2

[Event "YUG-ch"]
[Site "Podgorica"]
[Date "1996.??.??"]
[Round "3"]
[White "Kosic, Dragan"]
[Black "Ivanovic, Bozidar"]
[Result "0-1"]
[WhiteElo "2515"]
[BlackElo "2500"]
[Annotator "King,D"]
[PlyCount "134"]
[EventDate "1996.02.??"]
[EventType "tourn"]
[EventRounds "15"]
[EventCountry "YUG"]
[EventCategory "9"]
[SourceTitle "CBM 053"]
[Source "ChessBase"]
[SourceDate "1996.08.01"]
[SourceVersion "1"]
[SourceVersionDate "1996.08.01"]
[SourceQuality "1"]

1. d4 Nf6 2. Nf3 d5 3. Bg5 e6 4. e3 Nbd7 5. Nbd2 Be7 6. Bd3 c5 7. c3 b6 8. Ne5
Nxe5 9. dxe5 Nd7 10. Bxe7 Qxe7 11. f4 f6 12. exf6 Nxf6 13. Nf3 O-O 14. O-O Bb7
15. Qe1 Rad8 16. Qh4 g6 17. Ne5 Qg7 18. Rf3 d4 19. Rg3 Be4 20. exd4 cxd4 21. c4
Bf5 22. Re1 Rc8 23. Bxf5 exf5 24. Rd3 b5 25. Rxd4 bxc4 26. Rc1 Rfd8 27. Rcxc4
Qe7 28. Qe1 Rxc4 29. Rxc4 Qb7 30. Rc6 Ne4 31. b3 Qb4 32. Nf3 Qb5 33. Ne5 Qb4
34. Nf3 Qb5 35. Rc2 Qb6+ 36. Kh1 Qd6 37. g3 Qd5 38. Kg2 Qb7 39. Qe2 {As the
f-pawn has advanced, the diagonals towards the Black king, as well as the
second rank, are terribly exposed. It makes perfect sense to move the king up
to h6.} Kg7 $1 40. Qc4 Kh6 $1 41. Qc7 Qd5 42. h3 {White could have followed
suit by playing the king up to h3, but he begins a far more active plan of
advancing the g-pawn in order to expose the black king, and weaken the f5 pawn.
} Rd7 43. Qc4 Qd1 44. Qe2 Qd5 45. g4 $1 Qb7 46. Kh2 Rc7 47. gxf5 gxf5 48. Nd4
Kg6 49. Nf3 Rxc2 50. Qxc2 Kh6 51. Nd4 Qf7 52. Qc8 Kg6 53. Nf3 Kg7 54. Nh4 Nd6
55. Qc5 Qf6 56. Qxa7+ Kg8 57. Ng2 Ne4 {I'm not sure that White should have
played this. 58 Qe3 looks more solid.} 58. b4 Qc3 59. b5 Nd2 60. Qb8+ Kf7 61.
Qb7+ Kf8 62. Qc6 Qd3 63. Qf6+ Kg8 64. Qe6+ Kf8 65. Ne1 Qd4 66. Qxf5+ Kg8 67.
Nd3 Nf1+ {Whoops.} 0-1

[Event "POL-ch 53rd"]
[Site "Brzeg Dolny"]
[Date "1996.??.??"]
[Round "5"]
[White "Matlak, Marek"]
[Black "Oliwa, Marek"]
[Result "1/2-1/2"]
[WhiteElo "2450"]
[BlackElo "2440"]
[Annotator "King,D"]
[PlyCount "68"]
[EventDate "1996.03.09"]
[EventType "tourn"]
[EventRounds "15"]
[EventCountry "POL"]
[EventCategory "9"]
[SourceTitle "CBM 053"]
[Source "ChessBase"]
[SourceDate "1996.08.01"]
[SourceVersion "1"]
[SourceVersionDate "1996.08.01"]
[SourceQuality "1"]

1. d4 Nf6 2. Nf3 b6 3. Bg5 Bb7 4. Nbd2 e6 5. e3 Be7 6. c3 d5 7. Bb5+ c6 8. Bd3
Nbd7 9. O-O c5 10. Qe2 O-O 11. Rad1 Re8 12. Ne5 Nxe5 13. dxe5 Nd7 14. Bxe7 Qxe7
15. f4 Red8 16. Rf3 f5 17. Rh3 Nf8 18. g4 g6 19. Rg3 {White's attack appears
fierce, but the Black king simply heads for the hills, and there's no more
danger.} Kf7 $1 {Black is able to get away with this long march as his pawns
on c5 and d5 give him such good central control.} 20. h3 a6 21. Kh2 Ke8 22.
Rgg1 Rd7 23. Qf2 Kd8 24. Nf3 Kc7 25. Be2 Kb8 26. Qh4 Qe8 27. Rd2 Ka7 {Black's
position was totally secure, and he held the draw comfortably.} 28. Qh6 Rad8
29. Rgd1 Qe7 30. Kg3 Bc6 31. Kf2 Kb7 32. Kg3 Ka7 33. Kf2 Kb7 34. Kg3 Ka7 {
White decides not to attempt to make progress on the kingside - I think
correctly, as it is his king which could turn out to be in danger. For
instance, if he captures on f5 with the g-pawn, Black recaptures with the
e-pawn, and plays his knight to e6; White would always have to be wary of the
pawn break ... d4, busting open the position, when White's king would lack
pawn cover.} 1/2-1/2

[Event "EU-Cup 32nd"]
[Site "Novi Sad"]
[Date "2016.11.07"]
[Round "2.1"]
[White "Artemiev, Vladislav"]
[Black "Mamedyarov, Shakhriyar"]
[Result "0-1"]
[WhiteElo "2658"]
[BlackElo "2762"]
[Annotator "Krasenkow,M"]
[PlyCount "62"]
[EventDate "2016.11.06"]
[EventType "team-swiss"]
[EventRounds "7"]
[EventCountry "SRB"]
[SourceTitle "CBM 176"]
[Source "ChessBase"]
[SourceDate "2017.01.17"]
[SourceVersion "1"]
[SourceVersionDate "2017.01.17"]
[SourceQuality "1"]
[WhiteTeam "Kazan Ladya"]
[BlackTeam "Sveti Nikolaj Srpski"]
[WhiteTeamCountry "RUS"]
[BlackTeamCountry "SRB"]

1. d4 Nf6 2. Nf3 g6 3. Bg5 Bg7 4. Nbd2 O-O 5. e3 d5 6. Be2 Nbd7 7. O-O Re8 8.
c4 $1 c5 {A risky continuation: Black opens up the position despite being
behind in development.} (8... c6 {is simpler and more solid but... too passive.
That means that the whole 7...Re8 line is rather insufficient for equality.})
9. cxd5 (9. Bxf6 Bxf6 10. cxd5 cxd4 11. Nxd4 Bxd4 12. exd4 Nb6 13. Nf3 Nxd5 14.
Ne5 Be6 15. Qd2 Qb6 {1/2 (15) Slipak,S (2520)-Ricardi,P (2545) La Carlota 1995}
) (9. Qb3 cxd4 10. exd4 (10. Nxd4 Nc5 11. Qb4 Nfe4 12. Nxe4 Nxe4 13. Bh4 a5 14.
Qb5 dxc4 15. Bxc4 Nd6 16. Qb3 {1/2 (16) Landenbergue,C (2390)-Gheorghiu,F 
(2500) Biel 1992}) 10... h6 11. Bh4 dxc4 12. Bxc4 Rf8 13. h3 Nb6 $11 {0-1 (50)
Sales Filho,E (2040)-Panno,O (2520) Fortaleza 1994}) (9. Rc1 $5 cxd4 10. Nxd4
Ne4 (10... dxc4 11. Nxc4 a6 12. Bf3 h6 13. Bh4 Nb6 14. Na5 $36 {0-1 (81)
Pacheco,M (2377)-Vera Siguenas,D (2482) Lima PER 2016}) 11. Bh4 $5 (11. Nxe4
dxe4 12. c5 Ne5 $132 {0-1 (56) Salov,V (2655)-Polgar,J (2550) Madrid 1992 CBM
030 [Ftacnik,L]}) 11... Nxd2 12. Qxd2 dxc4 13. Rfd1 $1 Qb6 14. Rxc4 a6 15. Bg3
$14 {0-1 (40) Ye,R (2480)-Milagrosa,A (2245) Greenhills 1989}) 9... cxd4 (9...
Nxd5 10. Qb3 N5f6 (10... N5b6 11. Ne4 cxd4 12. Nxd4 Bxd4 13. exd4 Nf8 14. Rfd1
Be6 15. Qg3 Bd5 16. Nc5 $36 {1-0 (35) Delchev,A (2480)-Petrov,M (2400)
Bulgaria 1994}) 11. Rac1 cxd4 12. Nxd4 Qa5 13. N2f3 a6 14. Bc4 Rf8 15. Qc2 Nb6
{1-0 (45) Piket,J (2590)-De Boer,G (2430) Eindhoven 1991} 16. Bd3 $14) 10. e4
$6 $146 (10. Nxd4 Nxd5 11. Rc1 {is more solid.} N7f6 {1/2 (11) Hug,W (2473)
-Gheorghiu,F (2450) Switzerland 1999} 12. Qb3 $14 {/=}) {With the text move
White wants to obtain a more complex position but meets a nice response.} 10...
h6 11. Bh4 ({In case of} 11. Bxf6 exf6 $5 ({or} 11... Bxf6 12. Nb3 e6) 12. Nxd4
Nb6 {[%cal Yf6f5] Black obtains good counterplay.}) 11... Nc5 $5 12. Qc2 Ncxe4
$1 {[%mdl 512]} 13. Nxe4 Nxe4 14. Bb5 (14. Qxe4 Bf5 15. Qf4 Qxd5 $44 {[%cal
Ye7e5] Black's central pawns guarantee him excellent compensation for the
sacrificed piece.}) 14... Bf5 15. Bxe8 Qxe8 16. Rfe1 Qd7 17. Rxe4 Qxd5 18. Rae1
$6 {White misses a good opportunity to give his material gains back and
simplify the position:} (18. Rxd4 $1 Bxd4 19. Qd2 e5 20. Qxh6 e4 21. Rd1 $1 {
[%cal Rh4f6]} (21. Nxd4 $143 Qxd4) 21... Bg7 $1 22. Qxg7+ Kxg7 23. Rxd5 exf3
24. gxf3 $11) 18... Rc8 19. Qd3 $6 ({Even here, with a loss of a tempo,} 19.
Rxd4 Bxd4 20. Qd2 {was better.}) 19... Bxe4 20. Rxe4 (20. Qxe4 Qxe4 21. Rxe4 e5
$1 $17 {[%cal Yf7f5]}) 20... e5 $17 {Black's pawn avalanche is about to decide
the game.} 21. Re1 ({The rook exchange with} 21. Re2 f5 (21... Rc1+ $143 22.
Ne1 f5 23. f3) 22. Rc2 {was relatively better although White's defence
remained difficult after} Rxc2 23. Qxc2 d3) 21... f5 {[%csl Gd4,Ge5,Gf5]} 22.
Qb1 $6 ({The desperate} 22. Nxe5 {shouldn't be enough to save the game either.}
) ({or} 22. Nd2 e4 23. Qb3 Qxb3 24. Nxb3 Rc2) 22... d3 23. Nd2 Rc2 24. Nf1 Qd4
25. Ne3 Rxb2 26. Qa1 f4 27. Ng4 h5 28. Nxe5 Bxe5 29. Qc1 d2 30. Qc8+ Kh7 31.
Rd1 Rb1 0-1

[Event "Moscow Nutcracker"]
[Site "Moscow"]
[Date "2014.12.20"]
[Round "1.4"]
[White "Fedoseev, Vladimir"]
[Black "Leko, Peter"]
[Result "1-0"]
[WhiteElo "2661"]
[BlackElo "2723"]
[Annotator "Krasenkow,M"]
[PlyCount "183"]
[EventDate "2014.12.20"]
[EventType "schev"]
[EventRounds "4"]
[EventCountry "RUS"]
[SourceTitle "CBM 164"]
[Source "ChessBase"]
[SourceDate "2015.01.15"]
[SourceVersion "1"]
[SourceVersionDate "2015.01.15"]
[SourceQuality "1"]
[WhiteTeam "Princes"]
[BlackTeam "Kings"]
[WhiteTeamCountry "RUS"]

1. d4 Nf6 2. Nf3 e6 3. Bg5 c5 4. e3 h6 5. Bh4 d5 6. c3 Nbd7 7. Nbd2 Bd6 {
An aggressive reply to White's setup. Black controls the e5-square and is
possibly preparing ...e6-e5.} 8. Bd3 O-O {Black can also start with} (8... Qc7)
({or} 8... b6) 9. O-O b6 ({An immediate} 9... e5 {is quite possible:} 10. dxe5
Nxe5 11. Nxe5 Bxe5 12. f4 $5 (12. e4 dxe4 13. Nxe4 Qb6 14. Nxf6+ Bxf6 15. Bxf6
{1/2 (15) Hillmann,M (2200)-Feldtmann,T (2257) Germany 2013}) (12. Nf3 Bc7 13.
Bc2 Be6 14. Qd3 Re8 15. Rad1 Qe7 16. Bxf6 Qxf6 17. Qh7+ Kf8 18. e4 dxe4 19.
Qxe4 Rab8 $13 {0-1 (48) Horvath,P (2410)-Inkiov,V (2510) Agneaux 1997}) 12...
Bd6 13. e4 c4 14. Be2 Qb6+ 15. Bf2 Bc5 16. e5 Bxf2+ 17. Rxf2 Ne4 18. Nxe4 dxe4
19. Qd4 Qxd4 20. cxd4 Rd8 21. Rd1 Be6 22. f5 Bd5 $13 {0-1 (35) Pap,G (2467)
-Gyimesi,Z (2592) Hungary 2009}) (9... cxd4 10. exd4 e5 {is less appropriate
as Black gets no compensation for the isolated pawn:} 11. dxe5 Nxe5 12. Nxe5
Bxe5 13. Nf3 Bf4 14. Bc2 Bg4 15. Qd3 g5 16. Bg3 $14 {1-0 (39) Hoang,T (2456)
-Janjgava,N (2291) Tbilisi 2011}) 10. Re1 ({White can break in the centre, too,
but that leads to equality:} 10. e4 cxd4 (10... dxe4 11. Nxe4 Be7 12. dxc5 Nxc5
13. Nxc5 bxc5 14. Qe2 Bb7 15. Rad1 Qc7 16. Ne5 {1/2 (16) Meister,J (2405)
-Pigusov,E (2455) Togliatti 1985}) 11. Bxf6 (11. cxd4 dxe4 12. Bxe4 Rb8 13. Bc6
{1/2 (41) Andreikin,D (2688)-Kovchan,A (2565) Moscow 2012} Ba6 14. Re1 Rc8 15.
Bxd7 Qxd7 16. Bxf6 gxf6 17. Ne4 Be7 $13) 11... Qxf6 12. cxd4 dxe4 13. Bxe4 Rb8
14. Nc4 Qe7 15. Nxd6 Qxd6 16. Rc1 Bb7 $11 {0-1 (68) Jones,G (2665)-Meier,G 
(2646) Tromso NOR 2014}) (10. a4 a6 11. Qe2 Bb7 12. e4 dxe4 13. Bxe4 Qc7 14.
Bxb7 Qxb7 15. Nc4 Be7 16. Rfd1 Rfd8 17. Rd2 b5 $11 {0-1 (26) Rodriguez Vargas,
O (2445)-Mikhalevski,V (2380) Benasque 1993}) 10... Bb7 (10... Qc7 11. e4 dxe4
12. Nxe4 Nxe4 13. Bxe4 Rb8 (13... Bb7 $2 14. Bxb7 Qxb7 15. dxc5 Bxc5 16. b4 $18
{1-0 (31) Vargas Reyes,A (2055)-Hamid,R (2132) Dresden 2008}) 14. Qe2 Bb7 $11)
11. a4 (11. e4 {still leads to equality. White starts playing pretentiously
and gets into trouble.}) 11... Qc7 12. Qb1 a6 13. Bg3 Bxg3 14. hxg3 e5 {
[%mdl 32]} 15. dxe5 Nxe5 16. Nxe5 Qxe5 17. Ra3 $6 (17. e4 $5 {, despite the
loss of time, was still possible.}) 17... Rfe8 18. b4 c4 19. Be2 Re7 20. Nf3
Qc7 21. Nd4 $17 {White's position is very solid but passive. Black's kingside
initiative should finally succeed.} Rae8 22. Bf3 Re5 23. Ra2 Bc8 24. Qd1 Bd7
25. a5 b5 26. Rd2 Qd6 27. Nc2 $6 {It is not pleasant for White to remove his
knight from its central position but otherwise Black will gradually prepare ...
h6-h5-h4.} h5 28. Rd4 Bg4 29. Qd2 g6 30. Rd1 Qe7 31. Ne1 Kg7 32. Qb2 Qe6 33.
Rc1 Rh8 34. Qd2 Re8 {Black needn't hurry.} 35. Rd1 Qe7 36. Qc1 Rh8 37. R1d2 Qe6
38. Rd1 Re8 39. Qd2 Qe7 40. Rc1 Rd8 41. Nc2 Bf5 42. Qd1 (42. Ne1 $142 {not
allowing the exchange of this knight.}) 42... Qe6 43. Rd2 Bxc2 $1 44. Rcxc2 g5
45. Rd4 g4 46. Be2 Ne4 47. Qe1 Rh8 ({According to GM D.Kryakvin,} 47... Qh6 {
was better, preventing White's next move and preparting ...h5-h4.}) 48. f4 $5
Rf5 ({In the event of} 48... gxf3 49. Bxf3 Re8 {it is not easy to break
White's position.}) 49. Bd1 Qh6 (49... Rf6 $142 {[%cal Yf6h6]}) 50. Kf1 ({
White misses a good chance of counterplay:} 50. Bf3 $1 gxf3 51. gxf3 Nd6 52. e4
{(indicated by D.Kryakvin)}) 50... Qg6 (50... h4 $5 51. Bxg4 hxg3 52. Bh3 (52.
Bxf5 Qh1+ 53. Ke2 Qh5+ 54. Kf1 Qxf5 $19 {[%cal Rh8h1]}) 52... Rh5 $17 {[%cal
Rh5h3]}) 51. Rc1 h4 52. gxh4 g3 $2 {This allows White to consolidate his
position.} (52... Rfh5 $142 53. g3 Nxg3+ $1 54. Qxg3 Rxh4 $17 {-> (indicated
by several commentators)}) 53. Bf3 Rxh4 54. Ke2 Rh2 55. Qd1 Qe6 56. Rxe4 $1
dxe4 57. Qd4+ Rf6 58. Bxe4 $44 {[%csl Gd4,Ge4]} Qg4+ 59. Kd2 Qh5 60. Rf1 Rh1
61. Rxh1 Qxh1 62. Qe5 Qh4 63. Kc1 Qg4 64. f5 Qg5 65. Bc2 Qh4 66. Kb2 Kg8 67. e4
Qg5 68. Qd4 $4 {[%mdl 8192] A very unfortunate move.} (68. Qe8+ Kg7 69. Qe5 $11
) 68... Kf8 $4 (68... Rh6 $19 {[%cal Rh6h1] White has no single check!}) 69.
Qc5+ Kg7 70. Qc7 $2 Qg4 $2 (70... Rh6 $1 {was possible here, too, e.g.} 71.
Qe5+ Kh7 72. Qc7 Rh1 73. Qxf7+ Kh6 74. Qf8+ Kh5 75. Qh8+ Qh6 76. Qe8+ Kg4 77.
Qg6+ Qxg6 78. fxg6 Rh8 {, and Black should win.}) 71. e5 $1 Rxf5 72. e6 Qe2 73.
Qxg3+ Kf8 $6 (73... Kf6 $1 74. exf7 Kxf7 75. Qc7+ Kf6 76. Qd6+ Kg7 77. Qxa6 Qd2
{[%cal Yf5f1]} {, and} 78. Qa7+ Rf7 79. Qd4+ Qxd4 80. cxd4 {should not be
enough for White to win.}) 74. Qd6+ Kg7 75. Qd4+ (75. exf7 $1 Rxf7 76. Qxa6 $16
{- now Black's counterplay comes too late, e.g.} Rf2 (76... Qd2 77. Qxb5 Rf1
78. Qxc4) 77. Qg6+ Kf8 78. a6 {etc.}) 75... Rf6 (75... Re5 $1 76. exf7 (76. e7
f6) 76... Qe3 77. Qd6 Kxf7 78. Qxa6 Qd2 {[%cal Ye5e1] was a last, very
difficult way to survive.}) 76. g4 Qf2 77. Qe5 Kf8 78. Qb8+ Ke7 79. Qb7+ Kxe6
80. Qxa6+ {White's a-pawn should now decide the game.} Ke7 81. Qxb5 Qe2 82.
Qc5+ $2 {It was not a good idea - to allow Black's king to stop White's pawn.}
(82. a6 $18) 82... Kd7 83. Qb5+ $2 (83. Qd4+ $142 Rd6 84. Qa7+ {, and White
should probably win after all.}) 83... Kc7 84. a6 Rf2 85. Qa5+ Kb8 $2 (85...
Kc8 $1 86. Qa4 Kb8 {was the right move order, with a probable draw (D.Kryakvin)
.}) 86. Qb6+ Kc8 87. Qc6+ Kd8 88. Qa4 $18 {[%csl Ga6]} Qe3 89. a7 Rxc2+ 90.
Kxc2 Qf2+ 91. Kb1 Qe1+ 92. Kb2 1-0

[Event "Gibraltar Masters 10th"]
[Site "Caleta"]
[Date "2012.01.31"]
[Round "8"]
[White "Jussupow, Artur"]
[Black "Shirov, Alexei"]
[Result "0-1"]
[WhiteElo "2569"]
[BlackElo "2710"]
[Annotator "Let's Check Training"]
[PlyCount "72"]
[EventDate "2012.01.24"]
[EventType "swiss"]
[EventRounds "10"]
[EventCountry "GGB"]
[SourceTitle "CBM 147"]
[Source "ChessBase"]
[SourceDate "2012.03.16"]
[SourceVersion "1"]
[SourceVersionDate "2012.03.16"]
[SourceQuality "1"]

1. d4 Nf6 2. Nf3 g6 3. Bg5 Bg7 4. Nbd2 O-O 5. c3 d5 6. e3 Nbd7 7. Bd3 Re8 8.
O-O e5 9. e4 exd4 10. cxd4 dxe4 11. Nxe4 h6 12. Qb3 Re7 $1 13. Ne5 hxg5 {
[%tqu "En","","","","e5f7","",10]} 14. Nxf7 $1 Nc5 $1 15. Nxf6+ Bxf6 16. dxc5
$1 Rxf7 17. Bxg6 Qf8 18. f4 g4 19. f5 Bd7 20. Rf4 Bc6 21. Kh1 Rd8 22. Rxg4 Bd5
23. Qh3 Rg7 24. Bh7+ Kf7 25. Bg6+ Ke7 26. Qa3 Kd7 27. Rd1 Kc8 28. Qxa7 c6 $1 (
28... Bxg2+ $2) 29. Qa8+ Kc7 30. Qa5+ Kb8 31. Ra4 Be5 $1 (31... Bxg2+ $2) 32.
h3 Kc8 33. Re1 $2 (33. Kg1 Rgd7 34. Re1 $15) {[%tqu "En","","","","d5g2","",10]
} 33... Bxg2+ $1 $19 34. Kxg2 $2 (34. Kg1 Be4 $1 35. Qxd8+) 34... Qxf5 $19 35.
Rg4 Rxg6 36. Qb4 Rd4 0-1